<?xml version="1.0" encoding="UTF-8"?>
<record
    xmlns:xsi="http://www.w3.org/2001/XMLSchema-instance"
    xsi:schemaLocation="http://www.loc.gov/MARC21/slim http://www.loc.gov/standards/marcxml/schema/MARC21slim.xsd"
    xmlns="http://www.loc.gov/MARC21/slim">

  <leader>00492nam a22001697a 4500</leader>
  <controlfield tag="003">AR-BeUNQ</controlfield>
  <controlfield tag="005">20250716160104.0</controlfield>
  <datafield tag="020" ind1=" " ind2=" ">
    <subfield code="a">9789504669869</subfield>
  </datafield>
  <datafield tag="100" ind1="0" ind2="1">
    <subfield code="a">Esteban, Edgardo</subfield>
  </datafield>
  <datafield tag="245" ind1=" " ind2=" ">
    <subfield code="a">Las otras islas</subfield>
    <subfield code="b">Antolog&#xED;a</subfield>
    <subfield code="c">Edgardo Esteben</subfield>
  </datafield>
  <datafield tag="250" ind1=" " ind2=" ">
    <subfield code="a">2a; ed.</subfield>
  </datafield>
  <datafield tag="260" ind1=" " ind2=" ">
    <subfield code="a">CABA</subfield>
    <subfield code="b">Santillana</subfield>
    <subfield code="c">2022</subfield>
  </datafield>
  <datafield tag="500" ind1=" " ind2=" ">
    <subfield code="a">Antolog&#xED;a juvenil</subfield>
  </datafield>
  <datafield tag="700" ind1=" " ind2=" ">
    <subfield code="a">Birmajer Marcelo, Bodoc Liliana, De Santis Pablo, etc.</subfield>
  </datafield>
  <datafield tag="942" ind1=" " ind2=" ">
    <subfield code="c">LIB</subfield>
  </datafield>
  <datafield tag="999" ind1=" " ind2=" ">
    <subfield code="c">831</subfield>
    <subfield code="d">831</subfield>
  </datafield>
  <datafield tag="952" ind1=" " ind2=" ">
    <subfield code="0">0</subfield>
    <subfield code="1">0</subfield>
    <subfield code="7">0</subfield>
    <subfield code="a">BIBESET</subfield>
    <subfield code="b">BIBESET</subfield>
    <subfield code="c">sala</subfield>
    <subfield code="d">2025-07-16</subfield>
    <subfield code="l">0</subfield>
    <subfield code="o">863 EST</subfield>
    <subfield code="p">63504</subfield>
    <subfield code="r">2025-07-16</subfield>
    <subfield code="w">2025-07-16</subfield>
    <subfield code="y">LIB</subfield>
    <subfield code="k">GA</subfield>
  </datafield>
</record>
